Student engagement and achievement in American secondary schools

Αποθηκεύτηκε σε:
Λεπτομέρειες βιβλιογραφικής εγγραφής
Άλλοι συγγραφείς: Newmann, Fred M. (Επιμελητής έκδοσης)
Μορφή: Βιβλίο
Γλώσσα:English
Δημοσίευση: New York : Teachers College Press, 1992
Θέματα:
Ετικέτες: Προσθήκη ετικέτας
Δεν υπάρχουν, Καταχωρήστε ετικέτα πρώτοι!

MARC

LEADER 00000cam a2200000 i 4500
001 1/94644
008 991129s1992 eng d
020 |a 0-8077-3182-X 
035 |l 10054915 
040 |a GR-MY-UA  |b gre  |e aacr 
041 0 |a eng 
082 0 |a 373.180973 
245 1 0 |a Student engagement and achievement in American secondary schools /  |c Fred M. Newmann editor 
260 |a New York :   |b Teachers College Press,   |c 1992 
300 |a 231 p. 
650 0 0 |a Academic achievement  |z United States. 
650 0 0 |a High school students  |z United States. 
650 0 0 |a Classroom environment  |z United States. 
700 1 |a Newmann, Fred M.  |4 edt 
852 |a INST  |b RHODES  |e 19991129  |h 373.180973 STU  |p 005400012904  |q 005400012904  |t BK  |y 0 
901 |a BIBL4-1999-3 
909 |a Ρ  |b 070614 
922 |a 4ΕΛΗ  |b 199911  |c ΚΠΣ/154  |d GLORY BOOKS 
970 |a ΚΟΥΛΑΚΙΟΤΗ  |b ΛΙΤΣΑ  |z 1999/11/29